000 00867nam a2200253Ia 4500
003 OSt
005 20220930192820.0
006 a|||||r|||| 00| 0
007 ta
008 220926b |||||||| |||| 00| 0 eng d
024 _a10669
037 _cDissertations
040 _aCRL
_cCRL
_beng
041 _2eng
_aeng
100 _aMahajan Prabha
_9561625
110 _aUniversity of Delhi. Faculty of Medical Sciences. Department of Pharmacology
_9522434
245 0 _aEvaluation of the role of suprarenal gland in stress with particular reference to anaphylaxis
260 _c1972
650 _aPHARMACOLOGY
700 _a Dr K K Agarwal Supervisor
_9525426
700 _aUniversity of Delhi. Faculty of Medical Sciences. Department of Pharmacology
_9522436
942 _cDIS
_2CC
999 _c895661
_d895661